[Event "FIDE World Rapid Team"]
[Site "London ENG"]
[Date "2025.06.11"]
[Round "4.5"]
[White "Atlas, Dmitry"]
[Black "Hng, Mei-Xian Eunice"]
[Result "1-0"]
[WhiteTitle "FM"]
[BlackTitle "WFM"]
[WhiteElo "2107"]
[BlackElo "2066"]
[WhiteTeam "Perfect"]
[BlackTeam "Oxbridge"]
[WhiteFideId "12000051"]
[BlackFideId "5806585"]
[EventDate "2025.06.11"]
[EventType "team"]

1. e4 c5 2. c3 e6 3. d4 Nf6 4. e5 Nd5 5. Nf3 cxd4 6. cxd4 Nc6 7. Nc3 d6 8. Nxd5
exd5 9. Be2 dxe5 10. dxe5 Be7 11. O-O O-O 12. h3 Be6 13. Bd3 Rc8 14. a3 Qb6 15.
b4 g6 16. Be3 d4 17. Bf4 Qd8 18. Re1 Re8 19. Qd2 Qd7 20. Ng5 Bf5 21. Ne4 Bxe4
22. Rxe4 a6 23. Rae1 Qe6 24. Bg5 Bf8 25. Bf6 b5 26. Bb1 Qb3 27. Ba2 Qxa3 28. e6
Rxe6 29. Rxe6 Nxb4 30. Re8 1-0

[Event "FIDE World Rapid Team"]
[Site "London ENG"]
[Date "2025.06.11"]
[Round "4.1"]
[White "Momunaliev, Ruslan"]
[Black "Williams, Simon K"]
[Result "1/2-1/2"]
[WhiteTitle "CM"]
[BlackTitle "GM"]
[WhiteElo "2214"]
[BlackElo "2444"]
[WhiteTeam "Youth KG"]
[BlackTeam "e-therapeutics"]
[WhiteFideId "13812211"]
[BlackFideId "404454"]
[EventDate "2025.06.11"]
[EventType "team"]

1. e4 e6 2. d4 d5 3. Nd2 Nf6 4. e5 Nfd7 5. Bd3 c5 6. c3 Nc6 7. Ne2 cxd4 8. cxd4
f6 9. exf6 Nxf6 10. Nf3 Bd6 11. O-O Qc7 12. Ng3 O-O 13. Bg5 Bd7 14. Rc1 Bf4 15.
Bxf4 Qxf4 16. Re1 Ng4 17. h3 Nxf2 18. Kxf2 Nxd4 19. Be4 Nc6 20. Bb1 Ne5 21. Rc3
Bc6 22. Rce3 Nxf3 23. Rxf3 Qd6 24. Kg1 e5 25. Rf5 Rxf5 26. Nxf5 Qc5+ 27. Kh1 e4
28. Qg4 g6 29. Rf1 Rf8 30. Nh6+ Kg7 31. Nf5+ Kh8 32. Ne3 Rxf1+ 33. Nxf1 Qc1 34.
Qc8+ Kg7 35. Qc7+ Kh6 36. Kg1 Qxb1 37. Qf4+ Kg7 38. Qc7+ Kf6 39. Qd8+ Ke6 40.
Qg8+ Kd6 41. Qf8+ Kc7 42. Qe7+ Kb6 43. Qb4+ Ka6 44. Qa3+ Kb5 45. Qb3+ Kc5 46.
Qc3+ Kd6 47. Qf6+ Kc7 48. Qe7+ 1/2-1/2

[Event "FIDE World Rapid Team"]
[Site "London ENG"]
[Date "2025.06.11"]
[Round "4.2"]
[White "Pert, Richard G"]
[Black "Kurbanbaev, Zalkar"]
[Result "1-0"]
[WhiteTitle "IM"]
[WhiteElo "2416"]
[BlackElo "2119"]
[WhiteTeam "e-therapeutics"]
[BlackTeam "Youth KG"]
[WhiteFideId "404748"]
[BlackFideId "13808524"]
[EventDate "2025.06.11"]
[EventType "team"]

1. d4 Nf6 2. Nf3 g6 3. g3 Bg7 4. Bg2 O-O 5. O-O d6 6. Nc3 d5 7. a4 a5 8. Re1 Bf5
9. Nh4 Be6 10. e4 dxe4 11. Nxe4 Nxe4 12. Bxe4 c6 13. c3 Na6 14. Bg2 Re8 15. Rxe6
fxe6 16. Qb3 Qd7 17. Bf4 Kh8 18. Re1 e5 19. Bxe5 e6 20. Nf3 Re7 21. Ng5 Rae8 22.
h4 c5 23. h5 cxd4 24. cxd4 Nb4 25. hxg6 hxg6 26. Qf3 Nd5 27. Qg4 Bf6 28. Bxd5
Bxe5 29. Bxe6 Qxd4 30. Re4 Qxb2 31. Nf7+ Rxf7 32. Bxf7 Qb1+ 33. Kg2 Re7 34. Qxg6 1-0

[Event "FIDE World Rapid Team"]
[Site "London ENG"]
[Date "2025.06.11"]
[Round "4.3"]
[White "Beknazarov, Emir"]
[Black "Mortazavi, Ali"]
[Result "0-1"]
[BlackTitle "IM"]
[WhiteElo "1878"]
[BlackElo "2333"]
[WhiteTeam "Youth KG"]
[BlackTeam "e-therapeutics"]
[WhiteFideId "13816063"]
[BlackFideId "401323"]
[EventDate "2025.06.11"]
[EventType "team"]

1. e4 c6 2. Nc3 d5 3. Qf3 dxe4 4. Nxe4 Nf6 5. Bc4 Nbd7 6. d4 Nb6 7. Bd3 Qxd4 8.
Ne2 Qb4+ 9. c3 Qa5 10. b4 Qd5 11. O-O e5 12. Nxf6+ gxf6 13. Be4 Qe6 14. Ng3 Qg4
15. Qxf6 Bg7 16. Qd6 Qe6 17. Qd3 Bd7 18. Bg5 f6 19. Nh5 Qf7 20. Nxg7+ Qxg7 21.
Be3 O-O 22. Bf5 Rad8 23. Bxd7 Qxd7 24. Qe4 Nd5 25. Rac1 b5 26. c4 bxc4 27. Qxc4
Rc8 28. Rfd1 Kh8 29. Bc5 Rg8 30. b5 Qh3 31. Qe4 Rxg2+ 32. Qxg2 Rg8 33. Qxg8+
Kxg8 34. bxc6 Nf4 35. Rd8+ Kf7 36. Rf8+ Kg7 0-1

[Event "FIDE World Rapid Team"]
[Site "London ENG"]
[Date "2025.06.11"]
[Round "4.4"]
[White "Sivanandan, Bodhana"]
[Black "Muradylov, Baiel"]
[Result "1-0"]
[WhiteTitle "WFM"]
[WhiteElo "2109"]
[BlackElo "1864"]
[WhiteTeam "e-therapeutics"]
[BlackTeam "Youth KG"]
[WhiteFideId "497592"]
[BlackFideId "13821580"]
[EventDate "2025.06.11"]
[EventType "team"]

1. e4 c5 2. Nf3 d6 3. Bb5+ Bd7 4. Bxd7+ Qxd7 5. c4 e5 6. Nc3 Ne7 7. d3 g6 8. O-O
Bg7 9. Be3 Nbc6 10. Qd2 h6 11. Rab1 f5 12. Qe2 f4 13. Bd2 O-O 14. Nd5 g5 15. h3
Ng6 16. Nh2 f3 17. Nxf3 g4 18. hxg4 Qxg4 19. Nd4 Qxe2 20. Nxe2 a5 21. a4 Rf7 22.
Ne3 Nge7 23. Bc3 Kh7 24. Ng3 Rg8 25. Ngf5 Nxf5 26. Nxf5 Rd7 27. Kh2 b6 28. Ne3
Ne7 29. g3 h5 30. Rh1 Bh6 31. Nd5 Nxd5 32. cxd5 Rf7 33. Kg2 Rgf8 34. Rbf1 Rf3
35. Rxh5 Kg6 36. g4 Be3 37. Rf5 Rf4 38. Rxf8 Rxf8 1-0

[Event "FIDE World Rapid Team"]
[Site "London ENG"]
[Date "2025.06.11"]
[Round "4.5"]
[White "Keneshbekov, Elim"]
[Black "Pert, Max"]
[Result "0-1"]
[WhiteTitle "CM"]
[BlackTitle "FM"]
[WhiteElo "1883"]
[BlackElo "2277"]
[WhiteTeam "Youth KG"]
[BlackTeam "e-therapeutics"]
[WhiteFideId "13816772"]
[BlackFideId "456845"]
[EventDate "2025.06.11"]
[EventType "team"]

1. e4 e5 2. Nf3 Nc6 3. Bc4 Nf6 4. d3 h6 5. Nc3 d6 6. h3 g5 7. Be3 Bg7 8. d4 O-O
9. Qd2 Re8 10. dxe5 Nxe5 11. Be2 Nc6 12. Bd3 Nb4 13. O-O Nxd3 14. cxd3 b6 15.
Rae1 c5 16. h4 g4 17. Nh2 Kh7 18. Bf4 Nh5 19. Bg3 Be6 20. Kh1 Bf6 21. Bf4 Nxf4
22. Qxf4 Be5 23. Qe3 Qxh4 24. g3 Qg5 25. Qxg5 hxg5 26. Kg2 Kg6 27. Nd1 Bxa2 28.
Nxg4 Be6 29. Nge3 Rh8 30. f4 Bh3+ 31. Kf3 Bxf1 32. Rxf1 Bd4 33. Nd5 Rh2 34. Kg4
gxf4 35. Rxf4 f6 36. N1e3 Be5 37. Rf3 Kf7 0-1

[Event "FIDE World Rapid Team"]
[Site "London ENG"]
[Date "2025.06.11"]
[Round "4.6"]
[White "Mortazavi, Sami"]
[Black "Sezdbekova, Aizhan"]
[Result "0-1"]
[BlackTitle "WCM"]
[WhiteElo "1805"]
[BlackElo "1884"]
[WhiteTeam "e-therapeutics"]
[BlackTeam "Youth KG"]
[WhiteFideId "343443834"]
[BlackFideId "13803590"]
[EventDate "2025.06.11"]
[EventType "team"]

1. e4 e5 2. Nf3 Nc6 3. Nc3 Nf6 4. Nd5 d6 5. d4 Nxe4 6. Bd3 Nf6 7. Bg5 Be7 8.
Nxe7 Qxe7 9. O-O O-O 10. Re1 Bg4 11. h3 Bxf3 12. Qxf3 Nxd4 13. Qxb7 Rfb8 14. Qa6
Rxb2 15. Qc4 Ne6 16. Bd2 Rab8 17. Bc3 R2b6 18. Qh4 h6 19. a4 Nd5 20. Qe4 Nf6 21.
Qh4 Nc5 22. a5 R6b7 23. Bc4 Qd7 24. Rad1 Qf5 25. Re2 Rb1 26. Rxb1 Rxb1+ 27. Kh2
Qg5 28. Qxg5 hxg5 29. Bd2 Nfe4 30. Be3 Kf8 31. f3 Nc3 32. Rd2 Rd1 33. Bxg5 Rxd2
34. Bxd2 N5a4 35. Be3 c5 36. g4 d5 37. Ba6 d4 38. Bd2 Ke7 39. h4 Nd5 40. h5 f6
41. Kg3 Nb2 42. Bc1 Nd1 43. g5 fxg5 44. Bxg5+ Ke6 45. Bc8+ Kf7 46. Ba6 N1e3 47.
Bb7 Ke6 48. Bc8+ Kd6 49. Kh3 Nxc2 0-1

[Event "FIDE World Rapid Team"]
[Site "London ENG"]
[Date "2025.06.11"]
[Round "4.1"]
[White "Kogan, Arthur"]
[Black "Gan-Erdene, Sugar"]
[Result "0-1"]
[WhiteTitle "GM"]
[BlackTitle "IM"]
[WhiteElo "2475"]
[BlackElo "2454"]
[WhiteTeam "OlalaStars"]
[BlackTeam "Mongolia-B"]
[WhiteFideId "2800802"]
[BlackFideId "4902980"]
[EventDate "2025.06.11"]
[EventType "team"]

1. e4 c5 2. Nf3 d6 3. d4 cxd4 4. Qxd4 Nf6 5. Nc3 Nc6 6. Bb5 Bd7 7. Bxc6 Bxc6 8.
Bg5 e6 9. O-O-O Be7 10. Rhe1 O-O 11. Qd2 Qc7 12. Nd4 Rad8 13. f4 h6 14. h4 a6
15. f5 hxg5 16. hxg5 Nh7 17. g6 Ng5 18. Qe2 fxg6 19. fxg6 Rf6 20. Qh5 Be8 21.
Qxg5 Rxg6 22. Qh5 Qc5 23. Qh3 Rh6 24. Qd3 Bh5 25. Nce2 b5 26. Kb1 Rc8 27. Nf3
Qc4 28. Rh1 Qxd3 29. cxd3 Rf8 30. Ned4 d5 31. Rde1 dxe4 32. dxe4 Bb4 33. Rc1 Bg6
34. Rxh6 Bxe4+ 35. Ka1 gxh6 36. Nxe6 Rf6 37. Rc8+ Kf7 38. Ned4 Bd6 39. Rd8 Ke7
40. Rg8 Rg6 41. Rxg6 Bxg6 42. a3 Bd3 43. b4 Kf6 44. Kb2 Bf1 45. Ne1 Bg3 46. Ndf3
Kf5 47. Kc3 Kg4 48. Kd2 Bxg2 49. Nd4 Bd5 50. Nec2 Bf4+ 51. Ke2 h5 52. Kf2 h4 53.
Ne2 h3 54. Nxf4 Kxf4 55. Ne3 h2 56. Nxd5+ Ke5 0-1

[Event "FIDE World Rapid Team"]
[Site "London ENG"]
[Date "2025.06.11"]
[Round "4.2"]
[White "Bilguun, Sumiya"]
[Black "Krivenko, Dion"]
[Result "1-0"]
[WhiteTitle "GM"]
[BlackTitle "FM"]
[WhiteElo "2451"]
[BlackElo "2243"]
[WhiteTeam "Mongolia-B"]
[BlackTeam "OlalaStars"]
[WhiteFideId "4901541"]
[BlackFideId "4508378"]
[EventDate "2025.06.11"]
[EventType "team"]

1. e4 c5 2. Nc3 Nc6 3. Bb5 Nd4 4. Nf3 e6 5. O-O a6 6. Bd3 Nc6 7. b3 d6 8. Bb2
Nf6 9. Re1 Qc7 10. Bf1 Be7 11. d4 cxd4 12. Nxd4 O-O 13. a4 Bd7 14. Nxc6 Bxc6 15.
Bd3 Nd7 16. Qh5 g6 17. Qh3 Bf6 18. f4 b5 19. Kh1 Bb7 20. e5 dxe5 21. axb5 exf4
22. Bc4 f3 23. gxf3 Qf4 24. Kg2 axb5 25. Bxb5 Rxa1 26. Bxa1 Nb6 27. Ne2 Qg5+ 28.
Qg3 Qxg3+ 29. hxg3 Bxa1 30. Rxa1 Rd8 31. Kf2 Nc8 32. Bd3 Bd5 33. Nf4 Ne7 34. Ra7
Nc6 35. Rc7 Nb4 36. Be2 h5 37. c3 Na2 38. Nxd5 Rxd5 39. Ke3 Nc1 40. Bc4 Rd1 41.
b4 g5 42. Rc5 e5 43. Rxe5 Re1+ 44. Kd4 Rxe5 45. Kxe5 h4 46. gxh4 gxh4 47. Kf4
Kg7 48. b5 Kf6 49. b6 1-0

[Event "FIDE World Rapid Team"]
[Site "London ENG"]
[Date "2025.06.11"]
[Round "4.3"]
[White "Sason, Noam"]
[Black "Batkhuyag, Munguntuul"]
[Result "0-1"]
[BlackTitle "IM"]
[WhiteElo "2153"]
[BlackElo "2356"]
[WhiteTeam "OlalaStars"]
[BlackTeam "Mongolia-B"]
[WhiteFideId "371282346"]
[BlackFideId "4900758"]
[EventDate "2025.06.11"]
[EventType "team"]

1. e4 c5 2. Nf3 e6 3. d3 Nc6 4. g3 e5 5. Bg2 Nf6 6. O-O Be7 7. Nbd2 d5 8. exd5
Nxd5 9. Nc4 f6 10. a4 O-O 11. Nfd2 Be6 12. Re1 Qd7 13. Ne4 Ndb4 14. b3 Rad8 15.
Be3 b6 16. f4 exf4 17. Bxf4 Nd5 18. Bd6 Rde8 19. Bxe7 Rxe7 20. Ned6 Kh8 21. Qh5
f5 22. Rf1 Nd4 23. Rae1 Rf6 24. Rf2 Bg8 25. Rxe7 Nxe7 26. Nb7 Nd5 27. Nbd6 Rxd6
28. Nxd6 Qxd6 29. Qe8 Nf6 30. Qa8 Qe7 31. c3 Qe1+ 32. Rf1 Qxc3 33. Qxa7 Qxb3 34.
a5 bxa5 35. Qxa5 Qxd3 36. Qxc5 Qe3+ 37. Kh1 Ne4 38. Qc8 Nf2+ 39. Rxf2 Qxf2 40.
h4 Ne2 41. Qb8 Qg1# 0-1

[Event "FIDE World Rapid Team"]
[Site "London ENG"]
[Date "2025.06.11"]
[Round "4.4"]
[White "Mungunzul, Bat-Erdene"]
[Black "Blokhin, Sofia"]
[Result "1-0"]
[WhiteTitle "WCM"]
[BlackTitle "WFM"]
[WhiteElo "2337"]
[BlackElo "2057"]
[WhiteTeam "Mongolia-B"]
[BlackTeam "OlalaStars"]
[WhiteFideId "4902831"]
[BlackFideId "4508190"]
[EventDate "2025.06.11"]
[EventType "team"]

1. d4 f5 2. g3 Nf6 3. Nf3 g6 4. Bg2 Bg7 5. O-O O-O 6. b3 d6 7. Bb2 c6 8. c4 Na6
9. a3 Nc7 10. Qc2 Bd7 11. Nbd2 Ne6 12. e3 Rc8 13. Rfe1 d5 14. Ne5 Be8 15. b4 Ne4
16. Nb3 b6 17. Rac1 Nc7 18. Red1 e6 19. f3 Nf6 20. Nd2 Bh6 21. Re1 Qe7 22. Rcd1
dxc4 23. Ndxc4 Ncd5 24. e4 b5 25. Na5 Ne3 26. Qb3 Nxd1 27. Rxd1 Bd7 28. Nb7 Rc7
29. Nc5 Bc8 30. Re1 f4 31. Bh3 Re8 32. Bc1 Nh5 33. Ned3 Qd6 34. Qc3 fxg3 35.
Bxh6 gxh2+ 36. Kh1 Qg3 37. Bg4 Rf7 38. Qd2 Rxf3 39. Bxf3 Qxf3+ 40. Qg2 Ng3+ 41.
Kxh2 Qh5+ 42. Kxg3 Qxh6 43. Qh3 Qxh3+ 44. Kxh3 e5+ 45. Kg3 exd4 46. e5 Kg7 47.
e6 Kf6 48. Rf1+ Ke7 49. Ne5 Bxe6 50. Nxc6+ Kd6 51. Nxe6 Rxe6 52. Nxd4 Re3+ 53.
Kf4 Re5 54. Rd1 g5+ 55. Kg4 Kc7 56. Nf5 Re2 57. Kxg5 Ra2 58. Rd3 Kb6 59. Ne7 a5
60. Nd5+ Ka6 61. Rh3 axb4 62. Nxb4+ 1-0

[Event "FIDE World Rapid Team"]
[Site "London ENG"]
[Date "2025.06.11"]
[Round "4.5"]
[White "Agafonov, Yuri Dr"]
[Black "Sodbilegt, Naranbold"]
[Result "0-1"]
[BlackTitle "FM"]
[WhiteElo "2096"]
[BlackElo "2363"]
[WhiteTeam "OlalaStars"]
[BlackTeam "Mongolia-B"]
[WhiteFideId "11602104"]
[BlackFideId "4903528"]
[EventDate "2025.06.11"]
[EventType "team"]

1. d4 Nf6 2. Nf3 e6 3. g3 b5 4. Bg2 Bb7 5. a4 b4 6. O-O c5 7. c4 bxc3 8. bxc3 d5
9. Bg5 Be7 10. Nbd2 Nbd7 11. a5 O-O 12. Qa4 Rc8 13. Bxf6 Bxf6 14. e3 Bc6 15. Qa2
Qe7 16. Rab1 Rc7 17. Rfe1 Rfc8 18. Bf1 e5 19. Red1 e4 20. Ne1 c4 21. Bh3 h5 22.
Qb2 Qe8 23. Ng2 Rd8 24. f4 exf3 25. Nxf3 h4 26. gxh4 Be7 27. Qf2 Bd6 28. Re1 Nf6
29. Ng5 Bd7 30. Bxd7 Rcxd7 31. Nf4 Re7 32. Qf3 Qd7 33. a6 Qc8 34. Nh5 Ne4 35.
Nxe4 Rxe4 36. Rb7 Rf8 37. Rf1 Rxh4 0-1

[Event "FIDE World Rapid Team"]
[Site "London ENG"]
[Date "2025.06.11"]
[Round "4.6"]
[White "Enkhbayar, Genden"]
[Black "Kiritshenko, Platon"]
[Result "1/2-1/2"]
[WhiteElo "1837"]
[BlackElo "1587"]
[WhiteTeam "Mongolia-B"]
[BlackTeam "OlalaStars"]
[WhiteFideId "4928415"]
[BlackFideId "4522010"]
[EventDate "2025.06.11"]
[EventType "team"]

1. d4 Nf6 2. c4 e6 3. Nc3 d5 4. Nf3 Be7 5. e3 O-O 6. b3 Bb4 7. Bd2 Bxc3 8. Bxc3
Ne4 9. Bb2 Qe7 10. Bd3 f5 11. O-O Nd7 12. Qc1 g5 13. cxd5 exd5 14. Qxc7 Qf6 15.
Rac1 g4 16. Ne5 Nxe5 17. dxe5 Qe6 18. f3 gxf3 19. Rxf3 Kh8 20. Bxe4 dxe4 21. Rh3
Bd7 22. Rd1 Rf7 23. Rd6 Rc8 24. Qxb7 Bc6 25. Qxf7 Qxf7 26. e6+ Qg7 27. Bxg7+
Kxg7 28. Kf2 Be8 29. Kg3 Rc7 30. Kf4 Kf6 31. Rd5 Bg6 32. Re5 Rc1 33. Ra5 Rc7 34.
Ra6 Re7 35. b4 Rb7 36. a3 Be8 37. Rh6+ Kg7 38. Kg5 f4 39. exf4 Bg6 40. f5 e3 41.
Rh3 h6+ 42. Kf4 Be8 43. Kxe3 Rc7 44. Kd4 Bb5 45. Rd6 Be8 46. Ke5 Rc1 47. f6+ Kg8
48. f7+ Bxf7 49. exf7+ Kxf7 50. Rf3+ Kg7 51. Rd7+ Kg6 52. Rg3+ Kh5 53. Rxa7 Re1+
54. Kf4 Rf1+ 55. Rf3 Rc1 56. Rh3+ Kg6 57. Ra6+ Kg7 58. Rhxh6 Rf1+ 59. Kg5 Rf7
60. Rag6+ Kf8 61. Rf6 Kg7 62. Rxf7+ Kxf7 63. b5 Kg7 64. b6 Kf7 65. b7 Kg7 66.
b8=Q Kf7 67. Rf6+ Ke7 68. Qc7+ Ke8 69. Qg7 Kd8 1/2-1/2

[Event "FIDE World Rapid Team"]
[Site "London ENG"]
[Date "2025.06.11"]
[Round "4.1"]
[White "Chinguun, Sumiya"]
[Black "Emms, John M"]
[Result "1/2-1/2"]
[WhiteTitle "FM"]
[BlackTitle "GM"]
[WhiteElo "2415"]
[BlackElo "2417"]
[WhiteTeam "The MongolZ"]
[BlackTeam "Chess Trust Accelerators"]
[WhiteFideId "4902572"]
[BlackFideId "400254"]
[EventDate "2025.06.11"]
[EventType "team"]

1. e4 e5 2. Nf3 Nc6 3. d4 exd4 4. Nxd4 Nf6 5. Nxc6 bxc6 6. e5 Qe7 7. Qe2 Nd5 8.
h4 d6 9. exd6 cxd6 10. c3 Bf5 11. Na3 O-O-O 12. Qxe7 Bxe7 13. Bd2 Nb6 14. O-O-O
d5 15. Nc2 c5 16. Bf4 Bd6 17. Bxd6 Rxd6 18. Ne3 Be6 19. Bd3 Kc7 20. Kb1 a5 21.
h5 h6 22. Rh4 Rhd8 23. Nc2 Nd7 24. Re1 Nf6 25. f3 Rb6 26. Ka1 c4 27. Be2 Rdb8
28. Rb1 Bf5 29. Bd1 Re8 30. Rc1 Bxc2 31. Rxc2 Re1 32. Rd2 Rbe6 33. Kb1 Rg1 34.
Kc2 Ree1 35. b3 cxb3+ 36. axb3 Rh1 37. Rxh1 Rxh1 38. g4 Kc6 39. Be2 Re1 40. Kd3
Rb1 41. Bd1 Ra1 42. Ke2 Kc5 43. Rb2 d4 44. cxd4+ Kxd4 45. Rd2+ Ke5 46. Kf2 Nd5
47. Kg3 g5 48. hxg6 fxg6 49. Re2+ Kf6 50. Rd2 Ke5 51. Re2+ Kf6 52. Rd2 Ke5 1/2-1/2

[Event "FIDE World Rapid Team"]
[Site "London ENG"]
[Date "2025.06.11"]
[Round "4.2"]
[White "Khoury, Theo"]
[Black "Reimanis, Ritvars"]
[Result "1-0"]
[WhiteTitle "CM"]
[BlackTitle "IM"]
[WhiteElo "2209"]
[BlackElo "2355"]
[WhiteTeam "Chess Trust Accelerators"]
[BlackTeam "The MongolZ"]
[WhiteFideId "480703"]
[BlackFideId "11602988"]
[EventDate "2025.06.11"]
[EventType "team"]

1. e4 e6 2. d4 d5 3. Nc3 c6 4. Nf3 f5 5. e5 g6 6. Bg5 Qb6 7. Qc1 Nd7 8. h4 Bb4
9. h5 gxh5 10. Be2 Nf8 11. Bf6 Nxf6 12. exf6 Bd7 13. Ne5 O-O-O 14. Nf7 Qxd4 15.
Nxh8 Qxf6 16. Kf1 Qxh8 17. Rxh5 Be8 18. Rh3 Qf6 19. Qf4 Bd6 20. Qh4 Qg7 21. a4
a5 22. Re1 Qc7 23. Bh5 Bd7 24. Qd4 Kb8 25. Na2 e5 26. Qd2 f4 27. Rh1 Qb6 28. Rb1
Bf5 29. b4 axb4 30. Nxb4 c5 31. a5 Qb5+ 32. Be2 c4 33. Qxd5 Qxd5 34. Nxd5 Bxc2
35. Rb5 Ba4 36. Rb2 Bb3 37. Bf3 Ba3 38. Rb1 Bc2 39. Rb5 c3 40. Nb4 e4 41. Nxc2
exf3 42. gxf3 Bb2 43. a6 b6 44. Rh6 Nd7 45. Rd6 Kc7 46. Rbd5 b5 47. a7 Ba3 48.
Nxa3 b4 49. Nb5+ Kb7 50. Rxd7+ Rxd7 51. Rxd7+ 1-0

[Event "FIDE World Rapid Team"]
[Site "London ENG"]
[Date "2025.06.11"]
[Round "4.3"]
[White "Itgelt, Khuyagtsogt"]
[Black "Verbytski, Oleg"]
[Result "0-1"]
[WhiteTitle "IM"]
[WhiteElo "2425"]
[BlackElo "1994"]
[WhiteTeam "The MongolZ"]
[BlackTeam "Chess Trust Accelerators"]
[WhiteFideId "4902912"]
[BlackFideId "495506"]
[EventDate "2025.06.11"]
[EventType "team"]

1. d4 d5 2. c4 e6 3. Nf3 Nf6 4. Nc3 Be7 5. Bg5 O-O 6. e3 h6 7. Bh4 c6 8. Bd3 Re8
9. O-O dxc4 10. Bxc4 b5 11. Bd3 a6 12. e4 Nbd7 13. e5 Nd5 14. Bxe7 Qxe7 15. Ne4
c5 16. Nd6 Rd8 17. Qe2 cxd4 18. Qe4 g6 19. Kh1 Qf8 20. Nxc8 Raxc8 21. Qxd4 Nc5
22. Be2 Ne7 23. Qf4 Rd5 24. h4 Qg7 25. Rac1 Rcd8 26. Rc3 Nd7 27. Rc7 Nf5 28. g4
Nxh4 29. Nxh4 g5 30. Qb4 gxh4 31. f4 Nf8 32. Qe4 Ng6 33. Qe3 Rd2 34. Rc8 Qf8 35.
Rxd8 Qxd8 36. f5 Nf8 37. f6 Rxe2 38. Qxe2 Qd5+ 39. Kh2 Ng6 40. Rd1 Qc6 41. Qe3
Kh7 42. Rc1 Qd5 43. Rc7 Nxe5 44. Rc5 Nxg4+ 0-1

[Event "FIDE World Rapid Team"]
[Site "London ENG"]
[Date "2025.06.11"]
[Round "4.4"]
[White "Dicen, Elis Denele"]
[Black "Nomin-Erdene, Davaademberel"]
[Result "0-1"]
[WhiteTitle "WFM"]
[BlackTitle "IM"]
[WhiteElo "2136"]
[BlackElo "2293"]
[WhiteTeam "Chess Trust Accelerators"]
[BlackTeam "The MongolZ"]
[WhiteFideId "462560"]
[BlackFideId "4900782"]
[EventDate "2025.06.11"]
[EventType "team"]

1. d4 f5 2. Nc3 Nf6 3. Bg5 d5 4. e3 e6 5. Bd3 c5 6. Nf3 Be7 7. Bb5+ Bd7 8. dxc5
Bxb5 9. Nxb5 Qa5+ 10. Nc3 Qxc5 11. O-O O-O 12. Nd4 Qb6 13. a4 Nbd7 14. a5 Qa6
15. Ndb5 Rac8 16. Bf4 Rc5 17. Nd4 Rc4 18. Nce2 Nh5 19. b3 Rcc8 20. Nf3 Bf6 21.
Ra2 Nxf4 22. Nxf4 Nc5 23. b4 Ne4 24. Ra3 Qd6 25. Rb3 a6 26. Nh5 Rc4 27. Nxf6+
Rxf6 28. Qd3 Rxb4 29. Rxb4 Qxb4 30. h3 Qxa5 31. Qb3 b5 32. Qb2 Qc3 33. Qa2 Nc5
34. Rd1 h6 35. Nd4 Na4 36. Nxe6 Rxe6 37. Qxd5 Qc6 38. Qxf5 Rd6 39. Re1 Rf6 40.
Qe5 Qxc2 41. Rf1 Qc5 42. Qe8+ Kh7 43. Qe4+ Qf5 44. Qd4 Rg6 45. Kh2 Qc5 46. Qh4
Qg5 47. Qe4 Nc3 48. Qb7 Qd5 49. Qxd5 Nxd5 50. e4 Nc3 51. Re1 b4 0-1

[Event "FIDE World Rapid Team"]
[Site "London ENG"]
[Date "2025.06.11"]
[Round "4.5"]
[White "Ulziikhishig Khishigbat"]
[Black "Zhao, George"]
[Result "1-0"]
[WhiteTitle "FM"]
[BlackTitle "CM"]
[WhiteElo "2266"]
[BlackElo "2124"]
[WhiteTeam "The MongolZ"]
[BlackTeam "Chess Trust Accelerators"]
[WhiteFideId "4908120"]
[BlackFideId "494607"]
[EventDate "2025.06.11"]
[EventType "team"]

1. d4 e6 2. c4 Nf6 3. Nc3 Bb4 4. a3 Bxc3+ 5. bxc3 d5 6. e3 O-O 7. cxd5 exd5 8.
Bd3 c6 9. Ne2 Nbd7 10. O-O Ne4 11. f3 Nd6 12. e4 Nb6 13. e5 Ndc4 14. Ng3 f6 15.
f4 fxe5 16. fxe5 Rxf1+ 17. Qxf1 Be6 18. Qe2 Nd7 19. Qh5 Nf8 20. Bg5 Qd7 21. Rf1
Bf7 22. Qe2 Nxa3 23. Nf5 Ng6 24. h4 Be6 25. h5 Rf8 26. hxg6 1-0

[Event "FIDE World Rapid Team"]
[Site "London ENG"]
[Date "2025.06.11"]
[Round "4.6"]
[White "Kendall, Arthur"]
[Black "Araya Fuentes, Cristian"]
[Result "1/2-1/2"]
[WhiteElo "1883"]
[BlackElo "1921"]
[WhiteTeam "Chess Trust Accelerators"]
[BlackTeam "The MongolZ"]
[WhiteFideId "343410960"]
[BlackFideId "6502946"]
[EventDate "2025.06.11"]
[EventType "team"]

1. d4 d5 2. c4 e6 3. Nf3 Nf6 4. g3 Be7 5. Bg2 O-O 6. O-O c6 7. Qc2 Nbd7 8. Nbd2
b6 9. e4 dxe4 10. Nxe4 Bb7 11. Re1 c5 12. Nfg5 Nxe4 13. Nxe4 Qc8 14. d5 exd5 15.
cxd5 Nf6 16. Nxf6+ Bxf6 17. Bf4 Qd7 18. Rad1 Rfe8 19. Qd2 Rad8 20. Bg5 Rxe1+ 21.
Rxe1 Qf5 22. Bxf6 Qxf6 23. d6 Bxg2 24. Kxg2 g6 25. Rd1 Rd7 26. Qd5 Kg7 27. b3 h6
28. Rd2 Qe6 29. Qxe6 fxe6 30. Kf3 Kf6 31. Ke4 g5 32. f4 gxf4 33. gxf4 h5 34. a4
a6 35. Rd1 b5 36. axb5 axb5 37. Rc1 c4 38. bxc4 bxc4 39. Rxc4 Rxd6 40. Rc2 Ra6
41. Rc5 Ra4+ 42. Kf3 Ra3+ 43. Kg2 Ra2+ 44. Kg3 Ra3+ 45. Kg2 Ra2+ 46. Kg3 Ra3+
47. Kg2 1/2-1/2

[Event "FIDE World Rapid Team"]
[Site "London ENG"]
[Date "2025.06.11"]
[Round "4.1"]
[White "Wu, Li"]
[Black "Eilenberg, Jonas"]
[Result "1/2-1/2"]
[WhiteTitle "FM"]
[BlackTitle "FM"]
[WhiteElo "2278"]
[BlackElo "2316"]
[WhiteTeam "Chess Rising Stars"]
[BlackTeam "Berlin Lasker Legends"]
[WhiteFideId "411086"]
[BlackFideId "16204271"]
[EventDate "2025.06.11"]
[EventType "team"]

1. c4 c6 2. e4 d5 3. exd5 cxd5 4. d4 Nf6 5. Nf3 g6 6. Nc3 Bg7 7. Qb3 O-O 8. Be3
Nc6 9. cxd5 Na5 10. Qa3 Nxd5 11. Nxd5 Qxd5 12. Rc1 Nc6 13. Bc4 Qh5 14. d5 Ne5
15. Nxe5 Qxe5 16. O-O Bf5 17. Rfd1 Rfc8 18. Bd4 Qf4 19. Bxg7 Kxg7 20. Qc3+ Kg8
21. a4 a6 22. a5 Rc5 23. b3 Rac8 24. Ra1 Qd6 25. Qe3 R5c7 26. g3 1/2-1/2